Central Library OPAC University of Rajshahi

Strategic business planning : (Record no. 62164)

MARC details
000 -LEADER
fixed length control field 00777nam a2200253 a 4500
001 - CONTROL NUMBER
control field 62164
003 - CONTROL NUMBER IDENTIFIER
rucl marc code BD-RjUL
005 - DATE AND TIME OF LATEST TRANSACTION
control field 20211209081041.0
008 - FIXED-LENGTH DATA ELEMENTS--GENERAL INFORMATION
fixed length control field 170123s2002 enka | 001 0 eng d
020 ## - INTERNATIONAL STANDARD BOOK NUMBER
International Standard Book Number 074943807X
035 ## - SYSTEM CONTROL NUMBER
System control number (BD-RjUL)62289
040 ## - CATALOGING SOURCE
Original cataloging agency BDS
Transcribing agency DLC
Modifying agency BDS
-- Uk
-- DLC
-- BD-RjUL
Language of cataloging eng
041 ## - LANGUAGE CODE
Language code of text/sound track or separate title eng
082 00 - DEWEY DECIMAL CLASSIFICATION NUMBER
Edition number 23
Classification number 658.4012
Author mark and year RES 2002
100 1# - MAIN ENTRY--PERSONAL NAME
Personal name Reading, Clive.
9 (RLIN) 184911
245 10 - TITLE STATEMENT
Title Strategic business planning :
Remainder of title a dynamic system for improving performance & competitive advantage /
Statement of responsibility, etc. Clive Reading.
250 ## - EDITION STATEMENT
Edition statement 2nd ed.
260 ## - PUBLICATION, DISTRIBUTION, ETC. (IMPRINT)
Place of publication, distribution, etc. London :
Name of publisher, distributor, etc. Kogan Page,
Date of publication, distribution, etc. c2002.
300 ## - PHYSICAL DESCRIPTION
Pagination viii, 376 p. :
Illustrations ill. ;
Size 25 cm.
500 ## - GENERAL NOTE
General note Includes index.
650 #0 - SUBJECT ADDED ENTRY--TOPICAL TERM
Topical term or geographic name as entry element Strategic planning.
9 (RLIN) 175244
Topical term or geographic name as entry element Business planning.
9 (RLIN) 175243
942 ## - ADDED ENTRY ELEMENTS (KOHA)
Source of classification or shelving scheme Dewey Decimal Classification
Koha item type Books
Holdings
Lost status Source of classification or shelving scheme Damaged status Not for loan Collection code Permanent Location Current Location Shelving location Date acquired Source of acquisition Cost, normal purchase price Total Checkouts Full call number Date last seen Copy number Koha item type
  Dewey Decimal Classification   Not For Loan Non-fiction Central Library, University of Rajshahi Central Library, University of Rajshahi Reading Room 14/02/2008 Dhaka, Paragon Enterprises Ltd. 20.46   658.4012 RES 2002 23/01/2017 C-1 Books